| 000 | 00474nam a2200169Ia 4500 | ||
|---|---|---|---|
| 999 |
_c8041 _d8041 |
||
| 003 | OSt | ||
| 005 | 20200124150441.0 | ||
| 008 | 190216s9999||||xx |||||||||||||| ||und|| | ||
| 020 | _a9789350040263 | ||
| 040 | _coclc | ||
| 082 |
_a658.421 _bTRE/E |
||
| 100 |
_aTrehan, Alpana _91478 |
||
| 245 | 0 |
_aEntrepreneurship / _cAlpana Trehan |
|
| 260 |
_bDream Tech Press, _c2012. _aDelhi: |
||
| 300 | _a610p | ||
| 942 |
_cBK _2ddc _h658.421 _iTRE/E _k658.421 _mTRE/E |
||